00940 2200313 4500001002100000005001500021035002000036007000300056008004100059020002200100040002200122082001400144084001600158090002000174090002200194100003500216245005700251250002800308300005700336650002500393850001200418504003300430264004500463336002100508337003000529338002300559999002200582990002200604INLIS00000000085458020200227085631 a0010-0220000750ta200227s2013 yoia g ind d a978-602-9129-91-5 aYOPDYOGbinderda04223a617.7 a617.7 TAU b aDEP 617.7 TAU b aCB-D.11 2013-28670 aTaufan Nugrohod1966-epenulis10aButa warna dan strabismus /cpenulis, Taufan Nugroho aCetakan I, Januari 2013 aix, 148 halaman :bilustrasi, gambar, tabel ;c15 cm 4aMata--xAbnormalitas aYOPDYOG aBibliografi: halaman 139-14331aYogyakarta :bNuha Medika,cJanuari 2013 2rdacontentateks 2rdamediaatanpa perantara 2rdacarrieravolume aCB-D.11/2013-2867 aCB-D.11/2013-2867